| 000 | 01533cam a22004694i 4500 | ||
|---|---|---|---|
| 003 | PE-LiUPU | ||
| 005 | 20250731165530.0 | ||
| 008 | 150623s r 000 0 d | ||
| 020 | _a3765300233 | ||
| 035 | _a(Sirsi) i9783765300233 | ||
| 040 |
_aPE-LiUPU _bspa _cPE-LiUPU _erda |
||
| 049 | _aPRUA | ||
| 082 | 0 | 4 |
_a423 _bB51 _221 |
| 100 | 1 |
_aBildworterbuch, Deutsches, _eautor. |
|
| 245 | 1 | 0 |
_aDer sprach bockhaus / _cDeutsches Bildworterbuch. |
| 264 | 1 |
_a[s/l] : _bF. A. Brockhaus Wiesbaden, _c1972. |
|
| 300 |
_a835 p : _bilustraciones, gráficos ; _c22centímetros |
||
| 336 |
_atext _2rdacontent |
||
| 337 |
_aunmediated _2rdamedia |
||
| 338 |
_avolume _2rdacarrier |
||
| 505 | 0 | _aA. -Z. | |
| 526 | _aSEG44 | ||
| 526 | _aSEG26 | ||
| 526 | _aP151 | ||
| 526 | _aP150 | ||
| 526 | _aP149 | ||
| 526 | _aP146 | ||
| 526 | _aP145 | ||
| 526 | _aP126 | ||
| 526 | _aP125 | ||
| 526 | _aP92 | ||
| 526 | _aP75 | ||
| 526 | _aP74 | ||
| 526 | _aP27 | ||
| 526 | _aP15 | ||
| 942 |
_2ddc _cBOOK |
||
| 949 |
_aRC 423 B51 _wDEWEY _c1 _i10877 _lCCODEBUL1 _mBUL _r0 _sY _tBOOK _u2015-6-24 _xEDUCACION _zUNKNOWN _0COMPRA _o.CIRCNOTE. No olvidar cambiar la fecha de devolución!!!!!!! _o.STAFF. Colección General |
||
| 994 |
_aC0 _bPEPRU |
||
| 596 | _a1 | ||
| 999 |
_aRC 423 B51 _wDEWEY _c36859 _i10877 _f2021-11-8 _g5 _lRCG _mBUL _r1 _sY _tBOOK _u2015-6-24 _xBIBLIOTECA _zUNKNOWN _0COMPRA _o.CIRCNOTE. No olvidar cambiar la fecha de devolución!!!!!!! _o.STAFF. Colección General _d36859 |
||
| 980 |
_81 _gALBERTO SANCHEZ Responsable de Automatización |
||